书目信息 |
| 题名: |
汽车行业管理英语
|
|
| 作者: | 石定乐 编著 | |
| 分册: | ||
| 出版信息: | 武汉 武汉大学出版社 2010.02 |
|
| 页数: | 165页 | |
| 开本: | 24cm | |
| 丛书名: | 汽车行业英语系列教材 | |
| 单 册: | ||
| 中图分类: | H31 | |
| 科图分类: | ||
| 主题词: | 汽车工程--qi che gong cheng--英语--教材 | |
| 电子资源: | ||
| ISBN: | 978-7-307-07449-1 | |
| 000 | 01060nam 2200265 450 | |
| 001 | 012010660705 | |
| 005 | 20101105143855.90 | |
| 010 | @a978-7-307-07449-1@dCNY22.00 | |
| 100 | @a20101105d2010 em y0chiy0120 ea | |
| 101 | 0 | @achi@aeng |
| 102 | @aCN@b420000 | |
| 105 | @ay a 000yy | |
| 106 | @ar | |
| 200 | 1 | @a汽车行业管理英语@Aqi che hang ye guan li ying yu@f石定乐编著@Fshi ding yue bian zhu |
| 210 | @a武汉@c武汉大学出版社@d2010.02 | |
| 215 | @a165页@d24cm | |
| 225 | 2 | @a汽车行业英语系列教材@Aqi che hang ye ying yu xi lie jiao cai |
| 320 | @a有书目 (第165页) | |
| 330 | @a本书设计的能力培训分四个模块,人力资源管理,商务接待、会议主持和展示、日常财务工作、常用应用文写作,每个章节还有综合练习、互动练习、功能表达法、头脑风暴、练习参考答案等作为辅助材料,最大限度地帮助学习者掌握学习方法,提高自己的语言运用水平。 | |
| 410 | 0 | @12001 @a汽车行业英语系列教材 |
| 606 | 0 | @a汽车工程@Aqi che gong cheng@x英语@j教材 |
| 690 | @aH31@v4 | |
| 701 | 0 | @a石定乐@Ashi ding yue@4编著 |
| 801 | 0 | @aCN@bQSSK@c20101105 |
| 905 | @b787734-36@dH31@eS521@f3 | |
| 汽车行业管理英语/石定乐编著.-武汉:武汉大学出版社,2010.02 |
| 165页;24cm.-(汽车行业英语系列教材) |
| ISBN 978-7-307-07449-1:CNY22.00 |
| 本书设计的能力培训分四个模块,人力资源管理,商务接待、会议主持和展示、日常财务工作、常用应用文写作,每个章节还有综合练习、互动练习、功能表达法、头脑风暴、练习参考答案等作为辅助材料,最大限度地帮助学习者掌握学习方法,提高自己的语言运用水平。 |
| ● |
| 相关链接 |
|
|
|
正题名:汽车行业管理英语
索取号:H31/S521
 
预约/预借
| 序号 | 登录号 | 条形码 | 馆藏地/架位号 | 状态 | 备注 |
| 1 | 787734 | 207877341 | 语言库209/209语言库 86排1列2层/ [索取号:H31/S521] | 在馆 | |
| 2 | 787735 | 207877350 | 语言库209/209语言库 86排1列2层/ [索取号:H31/S521] | 在馆 | |
| 3 | 787736 | 207877369 | 语言库209/209语言库 86排1列2层/ [索取号:H31/S521] | 在馆 |